000
00334nam a22001577a 4500
003
SGT
020
_a
9780414047990
082
_a
346.42022,CHI
100
_a
CHITTY, JOSEPH,
245
_a
CHITTY ON CONTRACTS
250
_a
21ST
260
_a
LONDON
_b
SWEET & MAXWELL
_c
2012
300
_a
2480
650
_a
CONTRACT
942
_2
ddc
_c
BK
999
_c
9547
_d
9547